000
00298 a2200145 4500
001
181491
020
_a
040
_c
Magnum
100
_a
Pessoa, Odete Baiao
240
1
0
_a
Integracao social
_l
por
245
1
0
_a
Integracao social
362
0
_a
1899
697
_a
MAGNITO: ENSINO
942
_c
BK
999
_c
181491
_d
181491